| 000 | 00596nam a2200193Ia 4500 | ||
|---|---|---|---|
| 005 | 20250326140353.0 | ||
| 008 | 250326s9999 xx 000 0 und d | ||
| 020 | _a0-07-139392-7 | ||
| 037 | _aTextbook | ||
| 040 |
_aFMSL _beng _cFMSL |
||
| 041 |
_aeng _2eng |
||
| 084 |
_aX8(A):8 P2 _qFMSL |
||
| 100 |
_aBrickley J A _9742176 |
||
| 245 | 0 |
_aDesigning Organizations to Create Value: from strategy to structure _cBrickley J A; Smith C W And Others |
|
| 260 |
_aNew York _bNew York, McGraw-Hill _c2002 |
||
| 300 | _axi,308 | ||
| 942 |
_cTB _hX8(A):8 P2 |
||
| 999 |
_c1285474 _d1285474 |
||